000 00636nam a2200253Ia 4500
005 20260121153910.0
008 008 260114s9999 xx 000 0 eng d
020 _a9781003262800
037 _aEBOOK
040 _aCRL
040 _beng
040 _cCRL
041 _2eng
041 _aeng
084 _qCRL
100 _a S.G. Grant; Kathy Swan; John Lee
_91000515
245 0 _aInquiry-Based Practice in Social Studies Education
260 _bTaylor and Francis
260 _c2023
856 _uhttp://www.taylorfrancis.com/books/9781003262800
942 _cEBOOK
999 _c1567336
_d1567336